000 00705nam a22002411 4500
001 25369
003 BD-RjUL
005 20211209050853.0
008 140318s1950 enkaf 000 0 eng
035 _a(BD-RjUL)25439
035 _a(OCoLC)2617771
040 _aDLC
_cFTaSU
_dOCoLC
_dUk
_dDLC
_dBD-RjUL
_beng
041 _aeng
082 0 0 _a956
_bBIC 1950
100 1 _aBilainkin, George,
_d1903-1981.
_978003
245 1 0 _aCairo to Riyadh diary /
_c George Bilainkin.
260 _aLondon :
_bWilliams and Norgate,
_c1950.
300 _ax, 233 p. :
_bplates, ports. ;
_c19 cm.
651 0 _aMiddle East
_xPolitics and government.
_978004
942 _2ddc
_cBK
999 _c25369
_d25369